| 000 | 00762cam a22001934a 4500 | ||
|---|---|---|---|
| 005 | 20250605164357.0 | ||
| 008 | 250528s ||||||||||||||||||||||||d | ||
| 035 | _a24394 | ||
| 040 |
_aGR-AtMCL _bgre _dGR-AtMCL _eAACR2 |
||
| 245 | 1 | _aThe New Consumer / Driven by Technology and Economic Power is Moving from Companies to Customers. What's to Be Done? | |
| 260 | _c1998 | ||
| 300 | _a54 | ||
| 520 | _aProviding Electronic Care, Strangled at Birth, Leading by Example, The Walled Garden, The Benefits of Wisdom, Europe's Digital Lead, Securing the E-Commerce Door, Comment, Strategy Watch, Future Watch, Briefing, End Page. | ||
| 700 | 1 |
_aMacvicar Stephen _99458 |
|
| 700 | 1 |
_aTate Paul _99459 |
|
| 942 | _cCR | ||
| 999 |
_c9281 _d9281 |
||